Fr. Conceicao Rodrigues College of Engineering

Introduction to Linux:Installation and Programming (Record no. 30392)

MARC details
000 -LEADER
fixed length control field 00297nam a2200133Ia 4500
100 ## - MAIN ENTRY--PERSONAL NAME
Personal name Venkateswarlu/N.B
245 ## - TITLE STATEMENT
Title Introduction to Linux:Installation and Programming
260 ## - PUBLICATION, DISTRIBUTION, ETC.
Name of publisher, distributor, etc. BS Publication
Date of publication, distribution, etc. 2006
300 ## - PHYSICAL DESCRIPTION
Extent 588
546 ## - LANGUAGE NOTE
Language note ENGLISH
650 ## - SUBJECT ADDED ENTRY--TOPICAL TERM
Topical term or geographic name entry element Linux
942 ## - ADDED ENTRY ELEMENTS (KOHA)
Koha item type BOOK
Holdings
Withdrawn status Lost status Damaged status Not for loan Collection Home library Current library Date acquired Total Checkouts Full call number Barcode Date last seen Price effective from Koha item type
        CRC Fr. Agnel's C.Rodrigues College of Engineering Fr. Agnel's C.Rodrigues College of Engineering 17/03/2023   18097 17/03/2023   BOOK